Introducción al análisis de regresión lineal

Guardat en:
Dades bibliogràfiques
Autors principals: Montgomery, Douglas C. (Autor), Peck, Elizabeth A (Autor), Vining, G. Geoffrey (Autor)
Format: Llibre
Idioma:espanyol
Publicat: Cuernavaca Patria 2002
Edició:1a. ed
Matèries:
Etiquetes: Afegir etiqueta
Sense etiquetes, Sigues el primer a etiquetar aquest registre!

MARC

LEADER 00000cam a2200000 a 4500
001 UCE4919
003 CL-VaPUC
008 141120e20020000mx |||||||||||||||||spa|d
020 |a 9789702403272 
082 0 4 |a 515  |b MON  |2 21 
100 |a Montgomery, Douglas C.  |e author  |9 602209 
700 0 |a Peck, Elizabeth A  |e author  |9 577389 
700 0 |a Vining, G. Geoffrey  |e author  |9 577390 
245 1 0 |a Introducción al análisis de regresión lineal 
250 |a 1a. ed 
300 |a 588 p 
942 |c BK 
945 |d 20141120 11:52:00  |a dcastane 
260 |a Cuernavaca  |b Patria  |c 2002 
650 0 |a Análisis matemático   |9 260146 
650 0 |a Ecuaciones diferenciales  |9 260083 
650 0 |a Vectores  |9 317184 
650 0 |a Series infinitas  |9 270114 
583 |a last modification  |c 20141120 11:52:00  |k Rodrigo Vera 
999 |c 357775  |d 357773 
952 |0 0  |1 0  |3 erb  |4 0  |6 515_000000000000000_MON_2002  |7 0  |8 A  |9 465834  |a BIBGIM  |b BIBGIM  |i 5125650  |o 515 MON 2002  |p 5125650  |r 2025-01-15  |w 2019-11-23  |y BK  |z Catalogado en:20141120  |k EST 
952 |0 0  |1 0  |3 erb  |4 0  |6 515_000000000000000_MON_2002  |7 0  |8 A  |9 465835  |a BIBGIM  |b BIBGIM  |i 5125669  |o 515 MON 2002  |p 5125669  |r 2025-01-15  |w 2019-11-23  |y BK  |z Catalogado en:20141120  |k EST